Campo lírico: Primera siega
Wedi'i Gadw mewn:
| Prif Awdur: | |
|---|---|
| Fformat: | Llyfr |
| Iaith: | Sbaeneg |
| Cyhoeddwyd: |
Santiago
Imprenta El Globo
1900
|
| Rhifyn: | 1a. ed |
| Pynciau: | |
| Tagiau: |
Ychwanegu Tag
Dim Tagiau, Byddwch y cyntaf i dagio'r cofnod hwn!
|
MARC
| LEADER | 00000nam a2200000 a 4500 | ||
|---|---|---|---|
| 001 | UCJ3253 | ||
| 003 | CL-VaPUC | ||
| 008 | 070124e19000000CL |||||||||||||||||spa|d | ||
| 082 | 0 | 4 | |a Ch861 |b BOR |2 21 |
| 100 | 0 | |a Bórquez Solar, Antonio |e author |9 390306 | |
| 245 | 1 | 0 | |a Campo lírico: Primera siega |
| 250 | |a 1a. ed | ||
| 300 | |a 205 p | ||
| 942 | |c BK | ||
| 945 | |d 20070124 00:00:00 |a rinostro | ||
| 260 | |a Santiago |b Imprenta El Globo |c 1900 | ||
| 650 | 0 | |a Poesía chilena |9 268403 | |
| 583 | |a last modification |c 20070124 00:00:00 |k Rodrigo Vera | ||
| 999 | |c 319375 |d 319373 | ||
| 952 | |0 0 |1 0 |4 0 |6 CH_861_000000000000000_BOR_1900 |7 0 |8 X |9 397686 |a FDOBUD |b FDOBUD |d 2019-11-22 |i 1001574 |o Ch861 BOR 1900 |p 1001574 |r 2019-11-22 |w 2019-11-22 |y BK_X |k BUD | ||